Statistics for Music by Letter - Q, U and X

Click here to take the quiz!

General Stats

  • This quiz has been taken 3,227 times
  • The average score is 13 of 24

Answer Stats

HintAnswer% Correct
Band led by Freddie MercuryQueen
99%
Small guitar popular in HawaiiUkulele
89%
Billy Joel song _______ GirlUptown
79%
Simon Cowell TV singing competitionX Factor
78%
Ensemble of five musiciansQuintet
76%
Word after string or barbershopQuartet
74%
Thriller album producer JonesQuincy
71%
Orchestral percussion instrumentXylophone
71%
Backstreet Boys hit ____ Playing GamesQuit
68%
Influential band The Velvet __________Underground
68%
Beatles classic Back in the ____U.S.S.R
65%
Band featuring guitarist The EdgeU2
61%
A total absence of music or soundQuiet
59%
Band with the 1983 hit Red, red, wineUB40
51%
Toni Braxton says to do this to her heartUnbreak
49%
UK band whose name sounds like "ecstasy"XTC
47%
1980 Olivia-Newton John musical filmXanadu
39%
Italian for 'when', sung thrice in a 1962 songQuando
33%
1973 Led Zeppelin song No _______Quarter
24%
Vertically strung pianoUpright
21%
Singer with 1997 hit You make me wannaUsher
18%
8th note, in British terminologyQuaver
17%
Cross between the above and a marimbaXylorimba
4%
"Bamboo saxophone", invented in 1972Xaphoon
2%

Score Distribution

Percentile by Number Answered

Percent of People with Each Score

Your Score History

You have not taken this quiz